| 000 | 01491cam a22003737a 4500 | ||
|---|---|---|---|
| 003 | CHAP | ||
| 005 | 20220817044028.0 | ||
| 008 | 050601s2004 es r 00010 spa d | ||
| 010 | _a90406 | ||
| 011 | _a91378 | ||
| 020 | _a8484761770 | ||
| 035 | _a101936 | ||
| 040 | _cCHAP | ||
| 082 | 0 | 4 |
_a636.085 _bT11 |
| 245 | 0 | 0 |
_aTablas de comportamiento y de valor nutritivo de las materias primas destinadas a los animales de interés ganadero : _bcerdos, aves, bovinos, ovinos, caprinos, conejos, caballos y peces _c/ed. por Daniel Sauvant, Jean-Marc Perez y Gilles Tran |
| 260 |
_aMadrid : _bMundi-Prensa, _c2004 |
||
| 300 | _a310 p. | ||
| 590 |
_aBATCH-UPD _b10 _c20130110 _lUCH01 _h0418 |
||
| 590 |
_aBATCH-UPD _b10 _c20130410 _lUCH01 _h0053 |
||
| 590 |
_aBATCH-UPD _b10 _c20130914 _lUCH01 _h0247 |
||
| 590 |
_aCONVERSION _b10 _c20130109 _lUCH01 _h1350 |
||
| 650 | 1 | 4 |
_aAlimentos y alimentación del ganado _xValor nutritivo. _94347 |
| 650 | 1 | 4 | _aNutrición animal. |
| 650 | 1 | 4 |
_aNutrición _xTablas. _982269 |
| 700 | 0 |
_aPerez, Jean-Marc _e, ed. |
|
| 700 | 0 |
_aSauvant, Daniel _e, ed. _9102767 |
|
| 700 | 0 |
_aTran, Gilles _e, ed. _9114613 |
|
| 901 | _aBK | ||
| 905 | _aLilia | ||
| 942 | _cLIBRO | ||
| 949 |
_a636.085 T11 _bBC _cLIBRO _d33724000956710 _eLIBRO _gI.224704 _h105815 _i101936 _si _t$744.00 |
||
| 949 |
_a636.085 T11 _bBC _cLIBRO _d33724002038363 _eLIBRO _fc.3 _gI.c/e _h108964 _i101936 _si _t$744.00 |
||
| 949 |
_a636.085 T11 _bBC _cLIBRO _d33724002045743 _eLIBRO _fc.2 _gI.c/e _h108963 _i101936 _si _t$744.00 |
||
| 999 |
_c90406 _d90406 |
||